Devine l'anime/manga #2 - Statistiques

Statistiques générales
  • Ce quiz a été pris 132 fois
  • Le résultat moyen est 10 sur 16
Statistiques - réponses
Par images Réponse % Correct
Demon Slayer
97%
Hunter x Hunter
94%
Fairy Tail
93%
Jujutsu Kaisen
92%
Dr Stone
90%
Fire Force
89%
Fullmetal Alchemist
79%
Mashle
73%
Dan Da Dan
68%
Sakamoto Days
62%
Wind Breaker
56%
Classroom of the Elite
54%
Orange
32%
Kaiju n°8
27%
Arifureta
17%
Roshidere
16%
Aucun quiz correspondant
Distribution des résultats
% des personnes avec chaque résultat
Percentile par nombre de réponses
Votre historique - résultats
Vous n’avez pas pris ce quiz